000 00247nam a22001217a 4500
040 _c0
082 _a297
_bH344 W
100 _aDr. Farhat Hashmi
_9130456
245 _aWa Ehya qa Nastaeen
260 _c2012
300 _a70p.
942 _2ddc
_cBK
999 _c614639
_d614639